| 000 | 01067nam a2200265Ia 4500 | ||
|---|---|---|---|
| 001 | 16389 | ||
| 003 | GE_BSU | ||
| 008 | 181216s||||||||xx |||||||||||||| ||und|| | ||
| 020 | _aISBN 978-9941-15-819-3 | ||
| 040 | _cGE_BSU | ||
| 080 | _a821.14'01.03=353.1 | ||
| 100 | _aპინდაროსი | ||
| 245 | _aოდები | ||
| 245 | _bტ. 5 | ||
| 245 | _cმთარგმნ. ნანა ტონია,რედ:დიანა ყასუმაშვილი;დიზაინ.ია მახათაძე;სერიის მთ. რედ. და შემდგ. ემზარ გოგუაძე | ||
| 260 | _aთბილისი | ||
| 260 | _bბაკურ სულაკაურის გამ-ბა | ||
| 260 | _c2013 | ||
| 300 | _a310 გვ. ; 22 სმ. | ||
| 300 | _cყდაზე: კნოსოსის სასახლის მინოსური ფრესკა | ||
| 541 | _h12ლ. | ||
| 653 | _aანტიკური მწერლობა | ||
| 653 | _aოდები | ||
| 942 | _cBK | ||
| 999 |
_c49465 _d49465 |
||